| 000 | 00700nam a22002177a 4500 | ||
|---|---|---|---|
| 999 |
_c78223 _d78223 |
||
| 005 | 20181127124736.0 | ||
| 010 | _aB-505238-252 ENG-124525 | ||
| 020 |
_a9788170289623 _c235.00 |
||
| 035 | _aB-505238-252 | ||
| 035 | _aEN-108057 | ||
| 037 |
_aPrakashan Sansthan/Ven _bdpl |
||
| 037 | _bDBAD/PUB | ||
| 082 | _a921 | ||
| 100 | _aAnnapoorna | ||
| 245 |
_aIndra Nooyi: _ba biography/ _cby Annapoorna |
||
| 260 |
_aRajpal & Sons _bDelhi _c2011 |
||
| 270 |
_aKashmere Gate _bDelhi _e110006 |
||
| 300 |
_a176p. _c22cm(Hb) |
||
| 942 |
_2ddc _cEN _h921 _mANN |
||